Riconosci il Pokémon - Quiz n°252 - Statistics

Statistiche generali
  • Questo quiz è stato fatto 1 volte
  • Il punteggio medio è 5 su 10
Statistiche sulle risposte
Indizio Risposta % Corretto
Peso 168,0 kg
100%
Abilità Levitazione
100%
Stadio evoluzione Non si evolve
100%
Tipo Roccia / Psico
100%
Generazione Terza
100%
Altezza 1,0 m
0%
Tasso di cattura 45 (11.9%)
0%
Pokémon Lunatone
0%
Sesso Sconosciuto
0%
Tasso di allevamento Veloce
0%
Nessun quiz corrispondente trovato
Distribuzione punteggi
Percentuale di utenti per punteggio
Percentile per numero di risposta
I tuoi punteggi nel tempo
Non hai fatto questo quiz